000 00351nam a2200157Ia 4500
003 OSt
005 20231118074755.0
008 170524s9999 xx 000 0 und d
020 _a0-563-36905-1
040 _cIIMT UNIVERSITY
100 _aFarrow's Joanna
245 0 _aCake Decorating
260 _bB .B.C Books
260 _c1994
942 _2ddc
_c02
999 _c6424
_d6424